[Event "111th ch-SUI"]
[Site "Leukerbad SUI"]
[Date "2011.07.10"]
[Round "4"]
[White "Sher,M"]
[Black "Schiendorfer,E"]
[Result "1/2-1/2"]
[WhiteElo "2421"]
[BlackElo "2304"]

1.e4 c5 2.Nf3 d6 3.Bb5+ Bd7 4.a4 Nc6 5.O-O Nf6 6.Re1 e6 7.d3 Be7 8.Bxc6 Bxc6
9.e5 Ng4 10.exd6 Qxd6 11.h3 Nf6 12.Ne5 O-O 13.Nxc6 Qxc6 14.b3 Nd5 15.Bb2 Bf6
16.Bxf6 Nxf6 17.Nc3 Rad8 18.Qd2 Qb6 19.Re2 Rd4 20.Rae1 a6 21.Ne4 Nxe4 22.Rxe4 Rfd8
23.Qc3 h6 24.Re5 R8d5 25.Rxd5 Rxd5 26.Re4 Qc6 27.a5 Rg5 28.g3 Qd6 29.Rc4 Re5
30.Re4 Rxe4 31.dxe4  1/2-1/2

[Event "Myrhorod Open A"]
[Site "Myrhorod UKR"]
[Date "2011.07.10"]
[Round "3.6"]
[White "Budnikov,O"]
[Black "Krupko,A"]
[Result "1/2-1/2"]
[WhiteElo "2428"]
[BlackElo "2194"]

1.e4 c5 2.Nf3 d6 3.Bb5+ Nc6 4.O-O Bd7 5.c3 Nf6 6.Re1 a6 7.Ba4 b5 8.Bc2 Bg4
9.d3 e6 10.h3 Bh5 11.Nbd2 Be7 12.Nf1 d5 13.Ng3 Bg6 14.Nh4 dxe4 15.dxe4 Qxd1
16.Rxd1 O-O 17.f4 Rfd8 18.Rxd8+ Rxd8 19.Nf3 h6 20.Kf2 Kf8 21.Be3 Bh7 22.a3 Nd7
23.Nf1 f6 24.N1d2 e5 25.f5 c4 26.a4 Nc5 27.axb5 axb5 28.g4 Rd7 29.h4 Ra7
30.Rxa7 Nxa7 31.b4 cxb3 32.Nxb3 Nxb3 33.Bxb3 Nc8 34.Be6 Nd6 35.Nd2 Bg8 36.Bxg8 Kxg8
37.Ke2 Nc4 38.Nb3 Nxe3 39.Kxe3 h5 40.gxh5 Kh7 41.Na5 Kh6 42.Nc6 Bc5+ 43.Kd3 Kxh5
44.Nd8  1/2-1/2

[Event "Lev Polugaevsky Mem"]
[Site "Samara RUS"]
[Date "2011.07.10"]
[Round "6"]
[White "Shaposhnikov,E"]
[Black "Kokarev,Dm"]
[Result "1/2-1/2"]
[WhiteElo "2540"]
[BlackElo "2596"]

1.e4 c5 2.Nf3 d6 3.Bb5+ Bd7 4.Bxd7+ Qxd7 5.c4 Nf6 6.Nc3 g6 7.O-O Bg7 8.d4 cxd4
9.Nxd4 O-O 10.f3 Rc8 11.b3 d5 12.exd5 Nxd5 13.Nxd5 e6 14.Bh6 exd5 15.Bxg7 Kxg7
16.Nb5 dxc4 17.Nd6 Rd8 18.Nxb7 Qxd1 19.Rfxd1 Rxd1+ 20.Rxd1 cxb3 21.axb3 Nc6
22.Rd6 Rb8 23.Rxc6 Rxb7 24.Ra6 Rxb3 25.Rxa7  1/2-1/2

[Event "6th Polonia Wroclaw Open A"]
[Site "Wroclaw POL"]
[Date "2011.07.10"]
[Round "9"]
[White "Dubinski,M"]
[Black "Somyk,M"]
[Result "1/2-1/2"]
[WhiteElo "2226"]
[BlackElo "1931"]

1.e4 c5 2.Nf3 d6 3.Bb5+ Bd7 4.Bxd7+ Qxd7 5.c4 Nf6 6.Nc3 g6 7.O-O Bg7 8.d4 cxd4
9.Nxd4 O-O 10.f3 Rc8 11.b3 Nc6 12.Be3 a6 13.Qd2 Qd8 14.Rfd1 Nd7 15.Rac1 Nxd4
16.Bxd4 Bxd4+ 17.Qxd4 Qb6 18.Nd5 Qxd4+ 19.Rxd4 Kf8 20.Rcd1 Rab8  1/2-1/2

[Event "SPA Open A"]
[Site "Amsterdam NED"]
[Date "2011.07.11"]
[Round "3"]
[White "Tan,Mat"]
[Black "Adhiban,B"]
[Result "1/2-1/2"]
[WhiteElo "2400"]
[BlackElo "2542"]

1.e4 c5 2.Nf3 d6 3.Bb5+ Nc6 4.O-O Bd7 5.Re1 Nf6 6.c3 a6 7.Ba4 b5 8.Bc2 Bg4
9.a4 g6 10.axb5 axb5 11.Rxa8 Qxa8 12.d4 cxd4 13.cxd4 Bg7 14.Nc3 b4 15.Ne2 O-O
16.Be3 Na5 17.Nd2 Bd7 18.f3 Bb5 19.Nc1 Nd7 20.Bd3 Bxd3 21.Nxd3 Qa7 22.e5 Qa6
23.Qa4 Qxd3 24.Qxd7 dxe5 25.d5 f5 26.Nf1 e4 27.Qe6+ Kh8 28.fxe4 fxe4 29.Qxe7 Qxd5
30.Qxb4 Nc4 31.Bc5 Rc8 32.Bf2 Rf8 33.Bc5 Re8 34.Ne3 Nxe3 35.Bxe3 h5 36.b3 Qd3
37.Qa4 Rf8 38.Qc4 Rb8 39.Bf2 Ra8  1/2-1/2

[Event "118th ch-SCO"]
[Site "Edinburgh SCO"]
[Date "2011.07.11"]
[Round "3"]
[White "Arakhamia-Grant,K"]
[Black "Sreeves,C"]
[Result "0-1"]
[WhiteElo "2464"]
[BlackElo "2169"]

1.e4 c5 2.Nf3 d6 3.Bb5+ Bd7 4.Bxd7+ Qxd7 5.O-O Nf6 6.Re1 Nc6 7.b3 e6 8.Bb2 Be7
9.d3 O-O 10.Nbd2 b5 11.Nf1 Qc7 12.N3d2 d5 13.exd5 exd5 14.Ne3 d4 15.Nf5 Rfe8
16.a4 b4 17.Qf3 Rad8 18.Nc4 Nd5 19.Re4 Qd7 20.h4 Bf8 21.Rae1 Rxe4 22.dxe4 Re8
23.Kf1 Qe6 24.Bc1 Nc3 25.Ng3 Nxa4 26.Bd2 Nc3 27.e5 Qd5 28.Qxd5 Nxd5 29.f4 Nb6
30.Nb2 a5 31.Ne4 Ra8 32.Ra1 Be7 33.h5 Kf8 34.Ke2 Ke8 35.Kd3 Kd7 36.Nc4 Kc7
37.Be1 Nxc4 38.Kxc4 Kb6 39.Bg3 Rd8 40.Kd3 Kb5 41.f5 Rd5 42.h6 gxh6 43.f6 Bf8
44.Nd2 Rd8 45.Nc4 Ra8 46.Ra4 Ra6 47.Bf4 Na7 48.g4 Nc8 49.Ra1 a4 50.bxa4+ Rxa4
51.Rh1 Nb6 52.Nxb6 Ra3+ 53.Kd2 Kxb6 54.Bxh6 Bxh6+ 55.Rxh6 Rg3 56.Rxh7 c4
57.e6 Rg2+ 58.Kd1 fxe6 59.f7 Rf2 60.g5 d3 61.cxd3 b3 62.Ke1 Rxf7 63.Rh2 c3
64.Kd1 Rf1+  0-1

[Event "21st Heart of Finland"]
[Site "Jyvaskyla FIN"]
[Date "2011.07.11"]
[Round "1"]
[White "Miednikova,S"]
[Black "Meskanen,V"]
[Result "1-0"]
[WhiteElo "2174"]
[BlackElo "2106"]

1.e4 c5 2.Nf3 d6 3.Bb5+ Nd7 4.c3 a6 5.Ba4 e6 6.d4 cxd4 7.cxd4 Nf6 8.Nc3 b5
9.Bc2 Bb7 10.Qe2 Rc8 11.O-O Be7 12.Rd1 Qc7 13.a3 O-O 14.Bg5 h6 15.Bh4 e5
16.Rac1 Rfe8 17.d5 Qa5 18.Nb1 Nf8 19.b4 Qb6 20.Bd3 Ng6 21.Bg3 Nf4 22.Qd2 g5
23.Bxf4 exf4 24.h3 Nd7 25.Rxc8 Rxc8 26.Rc1 Rxc1+ 27.Qxc1 Bf6 28.Nbd2 Qd8
29.Nb3 Nb6 30.Nfd4 Na4 31.Nc6 Qc7 32.Nba5 Bb2 33.Qb1 Bc8 34.Bc2 Bxa3 35.Bxa4 bxa4
36.Nc4 Bd7 37.Nxa3 Bxc6 38.Qc2  1-0

[Event "Lev Polugaevsky Mem"]
[Site "Samara RUS"]
[Date "2011.07.11"]
[Round "7"]
[White "Lugovskoy,M"]
[Black "Lukyanov,A"]
[Result "1-0"]
[WhiteElo "2308"]
[BlackElo "2133"]

1.e4 c5 2.Nf3 d6 3.Bb5+ Nc6 4.O-O Bd7 5.Re1 Nf6 6.h3 a6 7.Bf1 e5 8.c3 Be7
9.d4 cxd4 10.cxd4 b5 11.a4 bxa4 12.Nc3 O-O 13.Nxa4 exd4 14.Nxd4 d5 15.e5 Ne4
16.Nxc6 Bxc6 17.Be3 Bb4 18.Re2 a5 19.Rc2 Bxa4 20.Rxa4 Qd7 21.Ra1 Rfe8 22.Bd4 Rac8
23.Rac1 Rxc2 24.Rxc2 Ng5 25.f4 Ne6 26.Be3 g6 27.Be2 Rd8 28.f5 gxf5 29.Bd3 Ng7
30.Qf3 Re8 31.Bd4 Qe6 32.Kh2 Be7 33.Bb5 Rc8 34.Rxc8+ Qxc8 35.Qxd5 Qc1 36.Qf3 Ne6
37.Bc3 Bg5 38.Qxf5 Bf4+ 39.g3 Be3 40.Bf1 Bb6 41.h4 Qe3 42.Bg2 Nd4 43.Qc8+ Kg7
44.Qb7 Qf2 45.e6 Kh6 46.e7 Bc7 47.Qa6+ Kh5 48.Qd3 Bxg3+ 49.Kh3 Bf4 50.Be1  1-0

[Event "34th Aegean Open"]
[Site "Aghios Kirykos GRE"]
[Date "2011.07.12"]
[Round "5"]
[White "Berzina,I"]
[Black "Panagiotopoulos,V"]
[Result "1-0"]
[WhiteElo "2307"]
[BlackElo "1965"]

1.e4 c5 2.Nf3 d6 3.Bb5+ Nd7 4.c3 Nf6 5.Qe2 a6 6.Ba4 b5 7.Bc2 Bb7 8.d4 cxd4
9.cxd4 e6 10.O-O Rc8 11.a4 Qc7 12.Bd3 bxa4 13.Nc3 a3 14.Bxa6 Bxa6 15.Qxa6 axb2
16.Bxb2 Rb8 17.Ba3 Qxc3 18.Rfc1 Qb3 19.Rc8+ Rxc8 20.Qxc8+ Ke7 21.Ne5 Nxe4
22.Qxd7+ Kf6 23.Qxf7+ Kg5 24.Bc1+  1-0

[Event "St Pauli Open"]
[Site "Hamburg GER"]
[Date "2011.07.12"]
[Round "5.30"]
[White "Kuegel,T"]
[Black "Bildat,J"]
[Result "1/2-1/2"]
[WhiteElo "2038"]
[BlackElo "2106"]

1.e4 c5 2.Nf3 d6 3.Bb5+ Bd7 4.Bxd7+ Qxd7 5.c4 Nf6 6.Nc3 g6 7.d4 cxd4 8.Nxd4 Bg7
9.f3 O-O 10.Be3 Nc6 11.Qd2 Rfc8 12.b3 a6 13.Rc1 Qd8 14.O-O Nd7 15.Rfd1 Qa5
16.Kf2 Nxd4 17.Bxd4 b5 18.Nd5  1/2-1/2

[Event "Myrhorod Open A"]
[Site "Myrhorod UKR"]
[Date "2011.07.12"]
[Round "6.12"]
[White "Krupko,A"]
[Black "Polishchuk,O"]
[Result "1-0"]
[WhiteElo "2194"]
[BlackElo "2215"]

1.e4 c5 2.Nf3 d6 3.Bb5+ Nc6 4.O-O Bd7 5.Re1 a6 6.Bf1 g6 7.c3 Bg7 8.h3 e5
9.Na3 Nge7 10.Nc4 Be6 11.Ng5 b5 12.Nxe6 fxe6 13.Ne3 O-O 14.a4 Rb8 15.d3 d5
16.axb5 axb5 17.h4 d4 18.Ng4 h5 19.Nh2 dxc3 20.bxc3 b4 21.Qb3 Qd7 22.Bg5 bxc3
23.Qxc3 Nd4 24.Reb1 Nec6 25.g3 Kh7 26.Rxb8 Rxb8 27.Rc1 Rb5 28.Kg2 Qf7 29.Be3 Bh6
30.Bxh6 Kxh6 31.Qd2+ Kg7 32.Rd1 Qb7 33.Qg5 Rb2 34.Rd2 Rxd2 35.Qxd2 Qf7 36.Be2 Nb4
37.Bf1 Nbc2 38.Be2 Qb7 39.Bd1 Nb4 40.Qe3 Qe7 41.Nf3 Nxf3 42.Bxf3 Qd6 43.Be2 Nc6
44.Qg5 Qe7 45.f4 Qxg5 46.fxg5 Kf7 47.Kf2 Nb4 48.Ke3 Ke7 49.Kd2 Kd6 50.Kc3 Nc6
51.Kc4 Na5+ 52.Kb5 Nb3 53.Bd1 Nd2 54.g4 hxg4 55.Bxg4 c4 56.dxc4 Nxe4 57.Bf3 Ng3
58.Kb6 e4 59.c5+ Ke5 60.Bd1 Nf5 61.c6 Kd6 62.c7 Ne7 63.Kb7 e3 64.c8=Q Nxc8
65.Kxc8 Ke5 66.Kd7 Kf5 67.Ke7 e5 68.Kf7 e4 69.h5 gxh5 70.g6  1-0

[Event "8th South Wales Int"]
[Site "Penarth WLS"]
[Date "2011.07.12"]
[Round "7.10"]
[White "Rayner,F"]
[Black "Ralphs,Nigel"]
[Result "1-0"]
[WhiteElo "2140"]
[BlackElo "1922"]

1.e4 c5 2.Nf3 d6 3.Bb5+ Bd7 4.Bxd7+ Qxd7 5.c4 Nc6 6.O-O g6 7.d4 cxd4 8.Nxd4 Bg7
9.Be3 Nf6 10.f3 O-O 11.Nc3 Nxd4 12.Bxd4 Rfc8 13.b3 Rc6 14.Rc1 a6 15.a4 Qc7
16.Bxf6 Qb6+ 17.Kh1 Bxf6 18.Nd5 Qd8 19.Nxf6+ exf6 20.Qd5 Qc7 21.Rcd1 Re8
22.Qd4 Re5 23.f4 Rh5 24.h3 f5 25.exf5 Rxf5 26.Rfe1 Qd8 27.Re4 Qf6 28.Qe3 g5
29.fxg5 Rxg5 30.Rf4 Qe6 31.Qf3 Re5 32.Rf1 Re1 33.Qg3+  1-0

[Event "Nana Aleksandria Cup"]
[Site "Poti GEO"]
[Date "2011.07.12"]
[Round "2"]
[White "Beradze,I"]
[Black "Gvarjaladze,N"]
[Result "1-0"]
[WhiteElo "2281"]
[BlackElo "1972"]

1.e4 c5 2.Nf3 d6 3.Bb5+ Bd7 4.Bxd7+ Qxd7 5.O-O Nc6 6.c3 Nf6 7.d4 Nxe4 8.d5 Ne5
9.Re1 Nxf3+ 10.Qxf3 Nf6 11.c4 Qg4 12.Qb3 Qd7 13.Bg5 Rb8 14.Nc3 Ng4 15.Bf4 Kd8
16.Ne4 Kc8 17.Qa3 b6 18.b4 cxb4 19.Qxb4 Ne5 20.Qc3 Qf5 21.Bg3 Nd7 22.Rab1 Qg6
23.c5 bxc5 24.Rxb8+ Nxb8 25.Nxc5 dxc5 26.Qxc5+ Nc6 27.dxc6 e5 28.Qxe5 Qxc6
29.Qb8+  1-0

[Event "3rd International Open"]
[Site "Rethymno GRE"]
[Date "2011.07.12"]
[Round "2"]
[White "Markidis,K"]
[Black "Avagianos,S"]
[Result "1-0"]
[WhiteElo "2330"]
[BlackElo "2047"]

1.e4 c5 2.Nf3 d6 3.Bb5+ Bd7 4.Bxd7+ Qxd7 5.c4 Nc6 6.Nc3 g6 7.d4 cxd4 8.Nxd4 Bg7
9.Be3 Ne5 10.b3 Nf6 11.f3 O-O 12.O-O e6 13.Rc1 Rfd8 14.Qd2 d5 15.exd5 exd5
16.c5 Nc6 17.Rfd1 Ne8 18.Nce2 Nc7 19.Bh6 Bh8 20.Re1 Re8 21.Rcd1 Ne6 22.Nxe6 Rxe6
23.Nf4 Rxe1+ 24.Rxe1 Bd4+ 25.Kh1 Rd8 26.b4 a6 27.a3 f6 28.h4 Be5 29.g3 Nd4
30.Kg2 Nf5 31.Ne2 Nxh6 32.Qxh6 d4 33.Qd2 d3 34.Nc1 Qc7 35.f4 Qc6+ 36.Kh2 Bc7
37.Re3 g5 38.fxg5 fxg5 39.hxg5 Qg6 40.Nxd3 Qh5+ 41.Kg2 Rf8 42.Qa2+ Qf7 43.Qxf7+ Rxf7
44.Nf2 Kg7 45.Re6 Bd8 46.Ne4 Re7 47.Rxe7+ Bxe7 48.Kf3  1-0

[Event "XX Adolf Anderssen Memorial w Final"]
[Site "Wroclaw POL"]
[Date "2011.07.12"]
[Round "3.2"]
[White "Krupa,M"]
[Black "Wisniowska,K"]
[Result "1-0"]
[WhiteElo "2226"]
[BlackElo "2037"]

1.e4 c5 2.Nf3 d6 3.Bb5+ Bd7 4.Bxd7+ Qxd7 5.O-O Nc6 6.c3 g6 7.d4 cxd4 8.cxd4 Bg7
9.Nc3 Nf6 10.d5 Ne5 11.Nd4 O-O 12.f4 Nc4 13.b3 Nb6 14.Bb2 Rac8 15.Qd3 Qd8
16.Rac1 Nfd7 17.Rfd1 Bh6 18.Qf3 Bg7 19.h3 Nc5 20.Kh2 a5 21.Ncb5 a4 22.b4 Na6
23.Rxc8 Qxc8 24.Rc1 Qd7 25.a3 Rc8 26.Qf1 Nc7 27.Nxc7 Rxc7 28.Nb5 Rxc1 29.Bxc1 Qc8
30.Be3 Qc4 31.Qxc4 Nxc4 32.Bc1 f5 33.exf5 gxf5 34.Kg3 Kf7 35.Nc7 Bb2 36.Bxb2 Nxb2
37.Kf3 Nc4 38.Nb5 Nb6 39.Nc3 h5 40.Ke2 e5 41.dxe6+ Kxe6 42.Kd3 h4 43.Kd4 d5
44.Nb5 Nc4 45.Kc5 Ne3 46.Nc7+ Kd7 47.Nxd5 Nxg2 48.b5 Ne1 49.Kb6 Nc2 50.Kxb7 Nxa3
51.b6 Nc4 52.Nc3 a3 53.Ka7 Na5 54.b7 Nc6+ 55.Kb6 Nb8 56.Kc5 Kc7 57.Kd5 Nc6
58.Nb5+ Kxb7 59.Nxa3 Kc7 60.Ke6 Nd4+ 61.Ke5 Nf3+ 62.Kxf5 Kd7 63.Kg4 Ng1 64.Kxh4 Ke6
65.Kg4 Ne2 66.Nc4 Kf6 67.h4 Nd4 68.Ne3 Ne6 69.Nd5+ Kf7 70.h5 Kg7 71.f5 Nf8
72.f6+ Kh6 73.Ne7 Nh7 74.Nf5+  1-0

[Event "ch-USA Cadet"]
[Site "Crossville USA"]
[Date "2011.07.13"]
[Round "3"]
[White "Wang,Andrew C"]
[Black "Shen,A"]
[Result "0-1"]
[WhiteElo "2158"]
[BlackElo "2155"]

1.e4 c5 2.Nf3 d6 3.Bb5+ Nc6 4.d4 cxd4 5.Qxd4 Bd7 6.Bxc6 Bxc6 7.Bg5 h6 8.Bh4 Qd7
9.Nc3 e5 10.Qd3 g5 11.Bg3 Ne7 12.O-O-O O-O-O 13.Qe3 Qe6 14.Qxa7 Bg7 15.Rd3 f5
16.exf5 Nxf5 17.Re1 Nxg3 18.hxg3 Qf7 19.Na4 e4 20.Nd4 Bxd4 21.Rxd4 Qxf2 22.Nb6+ Kc7
23.Rdxe4 Qxb6 24.Re7+ Rd7 25.Qa3 Rd8 26.R7e6 h5 27.Rg6 Qb5 28.Qe3 g4 29.Qd2 Rf7
30.Rg5 Rf5 31.Rg7+ Kb8 32.b3 Rf1  0-1

[Event "St Pauli Open"]
[Site "Hamburg GER"]
[Date "2011.07.13"]
[Round "6.44"]
[White "Fegebank,F"]
[Black "Hinrichs,Lars"]
[Result "1-0"]
[WhiteElo "2040"]
[BlackElo "1894"]

1.e4 c5 2.Nf3 d6 3.Bb5+ Bd7 4.Bxd7+ Qxd7 5.c4 Nc6 6.Nc3 g6 7.d4 cxd4 8.Nxd4 Bg7
9.Be3 Nf6 10.f3 O-O 11.Rc1 Ne5 12.b3 Ne8 13.O-O Nc7 14.Qd2 Ne6 15.Nde2 f5
16.exf5 gxf5 17.Rcd1 b6 18.Nf4 Nxf4 19.Bxf4 Ng6 20.Bg3 f4 21.Bf2 Qf5 22.Qd5+ Kh8
23.Qxf5 Rxf5 24.Nd5 Raf8 25.Rfe1 Re5 26.Nc7 Rff5 27.Nb5 a6 28.Nd4 Rxe1+ 29.Rxe1 Re5
30.Rxe5 Nxe5 31.Nf5 Bf6 32.Bxb6 Nc6 33.g3 fxg3 34.hxg3 Ne5 35.Kg2 Kg8 36.Bd4 Kf7
37.Bxe5 Bxe5 38.f4 Bc3 39.Kf3 Kf6 40.Ne3 Be1 41.g4 a5 42.a3 e6 43.Ke2 Bc3
44.Kd3 Be1 45.Nc2 Bf2 46.b4 axb4 47.axb4 e5 48.Ke4 exf4 49.Kxf4 h6 50.Ne3 Ke6
51.Ke4 Be1 52.b5 Ba5 53.Nf5 Bd2 54.b6 Kd7 55.b7 Kc7 56.Nxd6 Be1 57.Kd5 Bg3
58.c5 Bf4 59.c6 Bh2 60.Ne8+ Kb6 61.Nf6 Kc7 62.Nd7  1-0

[Event "13th Sant Marti Open"]
[Site "Barcelona ESP"]
[Date "2011.07.14"]
[Round "2"]
[White "Randazzo,A"]
[Black "Matnadze,A"]
[Result "1/2-1/2"]
[WhiteElo "2226"]
[BlackElo "2428"]

1.e4 c5 2.Nf3 d6 3.Bb5+ Nc6 4.Bxc6+ bxc6 5.O-O e5 6.c3 Nf6 7.Re1 Bg4 8.h3 Bh5
9.d4 cxd4 10.cxd4 exd4 11.e5 dxe5 12.g4 Bd6 13.Nxe5 O-O 14.gxh5 Re8 15.f4 Nd5
16.Bd2 Qf6 17.Qg4 Bxe5 18.fxe5 Rxe5 19.Rxe5 Qxe5 20.Qg5 Qe2 21.h6 g6 22.Na3 f6
23.Qg2 Re8 24.Re1 Qxg2+ 25.Kxg2 Rxe1 26.Bxe1 Nf4+ 27.Kf3 Nxh3 28.Ke4 Ng5+
29.Kd3 c5 30.Nb5 Nf3 31.Bg3 a5 32.Bd6 g5 33.Bxc5 Ne5+ 34.Kxd4 Kf7 35.Ke4 Kg6
36.Nd4 Kxh6 37.b4 axb4 38.Bxb4 Kg6 39.a4 h5 40.a5 h4 41.Be1 Nd7 42.Kd5 Nb8
43.Kd6 f5 44.Kc7 Na6+ 45.Kb6 h3 46.Bg3 f4 47.Bh2 Nb4 48.Kb5 Nd5 49.Kc5 Nc7
50.Kd6 Na6 51.Ke5 Nc5 52.Nf3 g4 53.Kxf4 gxf3 54.Kxf3 Kf6  1/2-1/2

[Event "13th Sant Marti Open"]
[Site "Barcelona ESP"]
[Date "2011.07.14"]
[Round "2"]
[White "Cuartas,Ja"]
[Black "Carstensen,J"]
[Result "1-0"]
[WhiteElo "2542"]
[BlackElo "2391"]

1.e4 c5 2.Nf3 d6 3.Bb5+ Bd7 4.Bxd7+ Qxd7 5.c4 Nf6 6.Nc3 g6 7.O-O Bg7 8.d3 O-O
9.h3 Nc6 10.Be3 Rac8 11.Qd2 Rfd8 12.Bh6 Bh8 13.Rad1 e6 14.Bg5 a6 15.Qf4 Nh5
16.Qh4 f6 17.Bh6 Ne5 18.Nh2 Nf7 19.Be3 b5 20.f4 b4 21.Ne2 f5 22.g4 Bf6 23.Qf2 Ng7
24.b3 Qc6 25.Qg2 a5 26.exf5 Qxg2+ 27.Kxg2 exf5 28.g5 Be7 29.d4 d5 30.cxd5 c4
31.bxc4 Rxc4 32.Rc1 Rxc1 33.Rxc1 Rxd5 34.Nf3 Kf8 35.Ne5 Ke8 36.Rc7 Nxe5 37.fxe5 Ne6
38.Rc6 Nxg5 39.Nf4 Rb5 40.d5 Nf7 41.Bd4 Nd8 42.Rc8 Bg5 43.Ne6 Rxd5 44.Nc7+ Kd7
45.Rxd8+ Bxd8 46.Nxd5 g5 47.Nf6+ Ke6 48.Nxh7 g4 49.hxg4 fxg4 50.Nf6 a4 51.Kg3 Kf5
52.Bb2 Bb6 53.Nxg4 a3 54.Ba1 Bd8 55.Kf3 Bb6 56.Ne3+ Ke6 57.Ke4 Bd8 58.Nd5  1-0

[Event "Myrhorod Open A"]
[Site "Myrhorod UKR"]
[Date "2011.07.14"]
[Round "9.31"]
[White "Kazakov,Maksym"]
[Black "Baranovsky,Sergey"]
[Result "1-0"]
[WhiteElo "1937"]
[BlackElo "1983"]

1.e4 c5 2.Nf3 d6 3.Bb5+ Nc6 4.O-O Bd7 5.Re1 e6 6.d4 cxd4 7.Nxd4 Be7 8.Bxc6 bxc6
9.c4 Nf6 10.Nc3 O-O 11.h3 Rb8 12.b3 Qa5 13.Bd2 Qe5 14.Be3 Rfd8 15.Rc1 Bf8
16.f4 Qa5 17.Qd2 e5 18.Nf3 exf4 19.Nd5 Qxd2 20.Nxf6+ gxf6 21.Bxd2 Bh6 22.Ba5 Re8
23.Bc7 Rbc8 24.Bxd6 c5 25.Rcd1 Be6 26.e5 Bg7 27.exf6 Bxf6 28.Bxf4 Red8 29.Rxd8+ Rxd8
30.Be3 Bc3 31.Re2 Bb4 32.g4 a5 33.Ng5 Bc8 34.Ne4 Bb7 35.Bxc5 Rd1+ 36.Kh2 Be1
37.Nd6 Bc6 38.Nf5 Bd7 39.Ne3 Rd2 40.Rxd2 Bxd2 41.Nd5 Be6 42.Kg3 Kg7 43.Bd4+ Kf8
44.Kf3 a4 45.Bc5+ Kg7 46.Ke2 Bg5 47.b4 f5 48.Kf3 fxg4+ 49.hxg4 Kf7 50.b5 Bc8
51.Be3 Bd8 52.c5 Ke6 53.Ke4 Kf7 54.c6 Bxg4 55.b6 Ke6 56.b7 Bf5+ 57.Kd4  1-0

[Event "Myrhorod Open A"]
[Site "Myrhorod UKR"]
[Date "2011.07.14"]
[Round "9.1"]
[White "Budnikov,O"]
[Black "Golubka,P"]
[Result "1/2-1/2"]
[WhiteElo "2428"]
[BlackElo "2409"]

1.e4 c5 2.Nf3 d6 3.Bb5+ Bd7 4.Bxd7+ Qxd7 5.c4 Nc6 6.O-O Nf6 7.Nc3 e6 8.d4 cxd4
9.Nxd4 Be7 10.Be3 O-O 11.Qe2 Rfc8 12.b3 d5 13.exd5 exd5 14.Nxc6 bxc6 15.Rfd1 Bb4
16.Rac1 Qf5 17.cxd5 Bxc3 18.Rxc3 Nxd5 19.Rc5 Qe4 20.Rc4 Qe6 21.Rdc1 a5 22.Qd2 a4
23.b4 a3 24.b5 Rd8 25.bxc6  1/2-1/2

[Event "ch-Central Serbia Int Open B"]
[Site "Paracin SRB"]
[Date "2011.07.14"]
[Round "8.9"]
[White "Blagojevic,Tijana"]
[Black "Mijovic,C"]
[Result "1-0"]
[WhiteElo "1836"]
[BlackElo "1981"]

1.e4 c5 2.Nf3 d6 3.Bb5+ Bd7 4.Bxd7+ Nxd7 5.O-O Ngf6 6.Re1 e5 7.c3 Be7 8.d3 O-O
9.Nbd2 b5 10.Nf1 a5 11.Ng3 g6 12.Qe2 Qb6 13.Be3 Ng4 14.d4 Nxe3 15.Qxe3 exd4
16.cxd4 c4 17.Ne2 Bf6 18.Nf4 Bg7 19.Nd5 Qd8 20.a4 b4 21.Rac1 Rc8 22.Qe2 c3
23.bxc3 Nb6 24.cxb4 Nxd5 25.exd5 axb4 26.Rc6 Re8 27.Rxc8  1-0

[Event "8th South Wales Int"]
[Site "Penarth WLS"]
[Date "2011.07.14"]
[Round "9.4"]
[White "Byron,A"]
[Black "Gretarsson,Hj"]
[Result "0-1"]
[WhiteElo "2223"]
[BlackElo "2437"]

1.e4 c5 2.Nf3 d6 3.Bb5+ Bd7 4.Bxd7+ Qxd7 5.O-O Nc6 6.c3 Nf6 7.Re1 e6 8.d4 cxd4
9.cxd4 d5 10.e5 Ne4 11.a3 Be7 12.Nbd2 Nxd2 13.Bxd2 O-O 14.Bg5 Rfc8 15.Qd3 Na5
16.h4 h6 17.Be3 Nc4 18.Qe2 Rc7 19.g4 Rac8 20.Bf4 Qb5 21.Rab1 a6 22.Qf1 Kf8
23.Qg2 Ke8 24.a4 Qb3 25.g5 hxg5 26.hxg5 g6 27.Nh2 Qd3 28.Rbd1 Qc2 29.Ng4 Nxb2
30.Rd2 Qf5 31.Qg3 Rc1 32.Rxc1 Rxc1+ 33.Kh2 Nc4 34.Rd3 Re1 35.Rf3 Qb1 36.Qg2 Qd1
37.Nh6 b5 38.axb5 axb5 39.Kh3 Rg1  0-1

[Event "SPA Open A"]
[Site "Amsterdam NED"]
[Date "2011.07.15"]
[Round "7"]
[White "Tan,Jo NED"]
[Black "Bezemer,A"]
[Result "0-1"]
[WhiteElo "2153"]
[BlackElo "2348"]

1.e4 c5 2.Nf3 d6 3.Bb5+ Nc6 4.O-O Bd7 5.Re1 a6 6.Bxc6 Bxc6 7.e5 e6 8.Nc3 Qc7
9.b3 dxe5 10.Nxe5 Nf6 11.h3 Be7 12.a4 O-O 13.Bb2 Rad8 14.Qe2 Nd7 15.Ng4 Rfe8
16.Qc4 Nf8 17.Rad1 Rd4 18.Qf1 Ng6 19.Ne2 Rdd8 20.Ng3 Bd6 21.Nh5 f5 22.Ne3 Bh2+
23.Kh1 Be5 24.Bxe5 Nxe5 25.Nc4 Nf3 26.Ng3 Nh4 27.Qe2 Bxg2+ 28.Kh2 Bd5  0-1

[Event "Oberwart Open"]
[Site "Oberwart AUT"]
[Date "2011.07.15"]
[Round "7"]
[White "Schwab,R"]
[Black "Gstach,Jakob"]
[Result "1-0"]
[WhiteElo "2196"]
[BlackElo "2033"]

1.e4 c5 2.Nf3 d6 3.Bb5+ Bd7 4.a4 Nc6 5.O-O Nf6 6.Re1 e6 7.c3 a6 8.Bf1 Be7
9.d4 cxd4 10.cxd4 d5 11.e5 Ne4 12.Bd3 Ng5 13.Bxg5 Bxg5 14.Na3 Bh6 15.Nc2 Qb6
16.Qb1 a5 17.Bb5 Rc8 18.b4 axb4 19.Bxc6 Rxc6 20.a5 Qb5 21.Nxb4 Rc3 22.a6 bxa6
23.Nxa6 O-O 24.Nc5 Rc8 25.h3 Bf4 26.Rd1 Be8 27.h4 Rb8 28.Qxb5 Rxb5 29.Nd3 Bh6
30.g4 g6 31.Ra8 Kf8 32.g5 Bg7 33.Kg2 Rbb3 34.Nc5 Rxf3 35.Nxb3 Rxb3 36.Rc1 Rb7
37.Rcc8 Re7 38.Kf1 Bh8 39.Ke2 Bg7 40.Kd3 Bh8 41.h5 gxh5 42.Ke3 Bg7 43.f4 h6
44.Kf3 hxg5 45.fxg5 Bh8 46.Kg3 Bg7 47.Kh4 Bh8 48.Ra2 Rb7 49.Kxh5 Bg7 50.Raa8 Re7
51.Kg4 Bh8 52.Kf3 Bg7 53.Rab8 Bh8 54.Ke3 Bg7 55.Kd3 Bh8 56.Kc3 Bg7 57.Kb4 Bh8
58.Kc5 Bg7 59.Rd8 Rc7+ 60.Kb6 Re7 61.Rbc8 Bh8 62.Rc1 Bg7 63.Rcc8 Bh8 64.Kc5 Bg7
65.Kd6 Bh8 66.Ra8 Bg7 67.Rab8 Bh8 68.Rb1 Bg7 69.Ra1 Bh8 70.Rh1 Bg7 71.Rc1 Bh8
72.Rf1 Bg7 73.g6 Ra7 74.gxf7 Rxf7 75.Ra1 Re7 76.Rh1 Ra7 77.Kxe6 Ra6+ 78.Kxd5 Ke7
79.Rd6 Bf7+ 80.Kc5 Ra5+ 81.Kb6 Bxe5 82.dxe5 Rxe5 83.Rd2 Re6+ 84.Kc7 Re3 85.Rc2 Bg6
86.Rc5 Be8 87.Rh7+ Kf6 88.Kd8 Ba4 89.Rh6+ Kg7 90.Ra6 Re8+ 91.Kc7 Re7+ 92.Kd6 Rd7+
93.Ke6 Rd4 94.Rc7+ Kf8 95.Rf7+ Ke8 96.Ra8+ Rd8 97.Re7+  1-0

[Event "3rd International Open"]
[Site "Rethymno GRE"]
[Date "2011.07.15"]
[Round "6"]
[White "Royset,P"]
[Black "Trygstad,K"]
[Result "1/2-1/2"]
[WhiteElo "2215"]
[BlackElo "2353"]

1.e4 c5 2.Nf3 d6 3.Bb5+ Nc6 4.O-O Bd7 5.Re1 Nf6 6.c3 a6 7.Ba4 b5 8.Bb3 e5
9.h3 Be7 10.d4 O-O 11.d5 Na5 12.Bc2 Re8 13.Nbd2 Bf8 14.b4 Nb7 15.Rb1 a5 16.a3 Qc7
17.Nf1 g6 18.Bd2 axb4 19.axb4 Bg7 20.Ng3 Rf8 21.Nh2 Kh8 22.Rf1 Ng8 23.f4 exf4
24.Rxf4 Nd8 25.Kh1 f6 26.Rf1 Nf7 27.Nf3 Ne5 28.Nxe5 fxe5 29.Bd3 c4  1/2-1/2

[Event "Najdorf Memorial"]
[Site "Warsaw POL"]
[Date "2011.07.15"]
[Round "2.14"]
[White "Warakomski,T"]
[Black "Kocwin,B"]
[Result "1-0"]
[WhiteElo "2473"]
[BlackElo "2241"]

1.e4 c5 2.Nf3 d6 3.Bb5+ Bd7 4.Bxd7+ Qxd7 5.c4 Nf6 6.Nc3 e6 7.d4 cxd4 8.Nxd4 Be7
9.g4 Nc6 10.g5 Nxd4 11.Qxd4 Nh5 12.Be3 O-O 13.O-O-O Qc6 14.c5 Rfd8 15.cxd6 Bxd6
16.Kb1 b5 17.Qd3 a6 18.Ne2 Be7 19.Qc2 Qb7 20.Rxd8+ Rxd8 21.Rc1 Qd7 22.Nd4 Kf8
23.Nc6 Ra8 24.Rd1 Qb7 25.Bc5 Bxc5 26.Qxc5+ Kg8 27.f3 h6 28.gxh6 g6 29.Nd8 Qa7
30.Qc6 Nf6 31.e5 Nd5 32.Nxe6 Ne7 33.Qxa8+ Qxa8 34.Rd8+ Qxd8 35.Nxd8 Nf5 36.h7+ Kxh7
37.Nxf7 Nd4 38.Ng5+ Kh6 39.e6 Nf5 40.Ne4 Kg7 41.Kc2 Nd4+ 42.Kc3 Nxf3 43.Kb4 Kf8
44.h3 Ke7 45.Nc5 Ng5 46.Nxa6 Nxh3 47.Kxb5 g5 48.Nc5 Nf2 49.a4 g4 50.a5 g3
51.a6 g2 52.a7 g1=Q 53.a8=Q Ng4 54.Qa7+  1-0

[Event "Najdorf Memorial"]
[Site "Warsaw POL"]
[Date "2011.07.15"]
[Round "2.32"]
[White "Stoma,P"]
[Black "Nowicki,B"]
[Result "1-0"]
[WhiteElo "2322"]
[BlackElo "2134"]

1.e4 c5 2.Nf3 d6 3.Bb5+ Nc6 4.O-O Nf6 5.Re1 Bd7 6.Bxc6 Bxc6 7.e5 dxe5 8.Nxe5 Qd5
9.Nxc6 Qxc6 10.Na3 b5 11.c4 a6 12.d4 bxc4 13.Nxc4 Rd8 14.Qb3 cxd4 15.Bf4 e6
16.Rac1 Qb5 17.Qf3 Qd5 18.Qd1 Be7 19.Bc7 O-O 20.Bxd8 Rxd8 21.Qd3 Nd7 22.Qg3 Bf6
23.Qd6 Qb7 24.Na5 Qb6 25.Nc4 Qxd6 26.Nxd6 Ne5 27.Rc8 Rxc8 28.Nxc8 Nc4 29.b3 Nb2
30.Nd6 d3 31.Nc4 Nxc4 32.bxc4 d2 33.Rb1 Kf8 34.Kf1 Ke7 35.Ke2 Bc3 36.Rb3  1-0

[Event "10th Bergamo Open"]
[Site "Bergamo ITA"]
[Date "2011.07.16"]
[Round "4.4"]
[White "Aranovitch,E"]
[Black "Epishin,V"]
[Result "1/2-1/2"]
[WhiteElo "2328"]
[BlackElo "2553"]

1.e4 c5 2.Nf3 d6 3.Bb5+ Bd7 4.Bxd7+ Qxd7 5.c4 Nc6 6.d4 cxd4 7.Nxd4 Nf6 8.Nc3 e6
9.O-O Be7 10.Be3 O-O 11.b3 Rfe8 12.Rc1 Rad8 13.h3 b6 14.f4 Qb7 15.Qf3 Nxd4
16.Bxd4 a6 17.a4 Nd7 18.Rcd1 Qc7 19.Kh1 Bf6 20.Bxf6 Nxf6 21.Rd2 Rd7 22.Rfd1 Red8
23.g4 Qc6 24.g5 Ne8 25.Kg2 f6 26.h4 Rf7 27.Ne2 fxg5 28.hxg5 Nc7 29.Nc3 e5
30.f5 Ne6  1/2-1/2

[Event "2nd SPI Open"]
[Site "Satu Mare ROU"]
[Date "2011.07.16"]
[Round "2"]
[White "Carmaciu,L"]
[Black "Veklinec,A"]
[Result "1-0"]
[WhiteElo "2388"]
[BlackElo "2048"]

1.e4 c5 2.Nf3 d6 3.Bb5+ Bd7 4.Bxd7+ Qxd7 5.c4 Nc6 6.d4 cxd4 7.Nxd4 g6 8.Be3 Ne5
9.b3 Bg7 10.f3 Nf6 11.Nc3 O-O 12.O-O Rfc8 13.a4 Qd8 14.a5 Nfd7 15.a6 bxa6
16.Rxa6 Nc5 17.Ra3 a5 18.Na4 Ned7 19.Nxc5 Nxc5 20.Rf2 Na6 21.Nb5 Nb4 22.g3 Rcb8
23.Kg2 Qc8 24.Ra4 h5 25.Rd2 Qb7 26.Qg1 Ra6 27.Qf2 Bf8 28.Rd1 e6 29.Bd4 d5
30.exd5 exd5 31.Bc3 dxc4 32.Qd4 f6 33.bxc4 Re8 34.Rd2 Rae6 35.Rf2 Kh7 36.Ra1 Be7
37.Rxa5 Ra8 38.Rxa8 Qxa8 39.Nc7 Qc6 40.Nxe6 Qxe6 41.Bxb4 Bxb4 42.c5  1-0